| 000 | 03441cam a2200361Ia 4500 | ||
|---|---|---|---|
| 001 | CAH0KE12764PDF | ||
| 003 | BD-DhSAU | ||
| 005 | 20151012144310.0 | ||
| 006 | m|||||o||d|||||||| | ||
| 007 | cr|||| | ||
| 008 | 130619s2013 fluad sb 001 0 eng d | ||
| 020 | _a9781439857939 (ebook : PDF) | ||
| 040 |
_aBD-DhSAU _cBD-DhSAU |
||
| 090 |
_aQA402.5 _b.D398 2013 |
||
| 092 |
_a519.6 _bD392 |
||
| 100 | 1 | _aDeng, Naiyang. | |
| 245 | 1 | 0 |
_aSupport vector machines _h[electronic resource] : _boptimization based theory, algorithms, and extensions / _cNaiyang Deng, Yingjie Tian, Chunhua Zhang. |
| 260 |
_aBoca Raton : _bCRC Press, Taylor & Francis Group, _c[2013] |
||
| 300 |
_axxvii, 335 p. : _bill. |
||
| 490 | 1 | _aChapman & Hall/CRC data mining and knowledge discovery series | |
| 504 | _aIncludes bibliographical references (p. 299-313) and index. | ||
| 505 | 0 | _a1. Optimization -- 2. Linear classification -- 3. Linear regression -- 4. Kernels and support vector machines -- 5. Basic statistical learning theory of C-support vector classification -- 6. Model construction -- 7. Implementation -- 8. Variants and extensions of support vector machines. | |
| 520 |
_a"Preface Support vector machines (SVMs), which were introduced by Vapnik in the early 1990s, are proved effective and promising techniques for data mining. SVMs have recently been breakthroughs in advance in their theoretical studies and implementations of algorithms. They have been successfully applied in many fields such as text categorization, speech recognition, remote sensing image analysis, time series forecasting, information security and etc. SVMs, having their roots in Statistical Learning Theory (SLT) and optimization methods, become powerful tools to solve the problems of machine learning with finite training points and to overcome some traditional difficulties such as the "curse of dimensionality", "over-fitting" and etc. SVMs theoretical foundation and implementation techniques have been established and SVMs are gaining quick development and popularity due to their many attractive features: nice mathematical representations, geometrical explanations, good generalization abilities and promising empirical performance. Some SVM monographs, including more sophisticated ones such as Cristianini & Shawe-Taylor [39] and Scholkopf & Smola [124], have been published. We have published two books about SVMs in Science Press of China since 2004 [42, 43], which attracted widespread concerns and received favorable comments. After several years research and teaching, we decide to rewrite the books and add new research achievements. The starting point and focus of the book is optimization theory, which is different from other books on SVMs in this respect. Optimization is one of the pillars on which SVMs are built, so it makes a lot of sense to consider them from this point of view"-- _cProvided by publisher. |
||
| 530 | _aAlso available in print edition. | ||
| 538 | _aMode of access: World Wide Web. | ||
| 650 | 0 | _aMathematical optimization. | |
| 655 | 7 |
_aElectronic books. _2lcsh |
|
| 700 | 1 |
_aTian, Yingjie, _d1973- |
|
| 700 | 1 |
_aZhang, Chunhua, _d1978- |
|
| 776 | 1 | _z9781439857922 (hardback) | |
| 830 | 0 | _aChapman & Hall/CRC data mining and knowledge discovery series. | |
| 856 | 4 | 0 |
_uhttp://marc.crcnetbase.com/isbn/9781439857939 _qapplication/PDF |
| 999 |
_c12165 _d12164 |
||